000 00317nam a22001337a 4500
008 170828b xxu||||| |||| 00| 0 eng d
020 _a9780073031828
041 _aeng
080 _a070
100 _a39
101 _aMED
245 _aSOURCES NOTABLE SELECTIONS IN MASS MEDIA
_cHNASON.J
942 _2udc
_cBK
999 _c25167
_d25167